[Event "RSA-chT Regions"]
[Site "Boksburg"]
[Date "2020.01.11"]
[Round "5.2"]
[White "Kolver, Chris"]
[Black "Zwakala, Ntando"]
[Result "0-1"]
[WhiteElo "2099"]
[BlackElo "2093"]
[PlyCount "78"]
[EventDate "2020.01.09"]
[EventType "team-swiss"]
[EventRounds "7"]
[EventCountry "RSA"]
[SourceTitle "CBM 194 Extra"]
[Source "ChessBase"]
[SourceDate "2020.03.31"]
[SourceVersion "1"]
[SourceVersionDate "2020.03.31"]
[SourceQuality "1"]
[WhiteTeam "GTP Open II"]
[BlackTeam "Johannesburg Black Bishops"]
[WhiteTeamCountry "RSA"]
[BlackTeamCountry "RSA"]

1. d4 Nf6 2. c4 e6 3. Nc3 Bb4 4. f3 c5 5. a3 Bxc3+ 6. bxc3 0-0 7. e3 Nc6 8. Bd3 b6 9. Ne2 Ba6 10. e4 Ne8 11. Be3 d6 12. Ng3 Na5 13. Qe2 Qd7 14. Nf1 Rc8 15. d5 f5 16. dxe6 Qxe6 17. exf5 Qe5 18. Rc1 Nf6 19. Kf2 Rce8 20. Nd2 d5 21. cxd5 Bxd3 22. Qxd3 Nxd5 23. Rhe1 Qxf5 24. Qxf5 Rxf5 25. c4 Nf6 26. Kg1 Rfe5 27. Kf2 Rd8 28. Rc3 Kf7 29. g4 g5 30. h3 Kg6 31. Kg3 Rxe3 32. Rexe3 Rxd2 33. Re7 Nc6 34. Rc7 Nd4 35. Re3 h5 36. h4 Ne2+ 37. Kf2 Nf4+ 38. Ke1 Ra2 39. Re5 Nd3+ 0-1

[Event "RSA-chT Regions"]
[Site "Boksburg"]
[Date "2020.01.11"]
[Round "6.2"]
[White "Simpson, Michael"]
[Black "Kolver, Chris"]
[Result "0-1"]
[WhiteElo "1679"]
[BlackElo "2099"]
[PlyCount "62"]
[EventDate "2020.01.09"]
[EventType "team-swiss"]
[EventRounds "7"]
[EventCountry "RSA"]
[SourceTitle "CBM 194 Extra"]
[Source "ChessBase"]
[SourceDate "2020.03.31"]
[SourceVersion "1"]
[SourceVersionDate "2020.03.31"]
[SourceQuality "1"]
[WhiteTeam "Ekurhuleni Patzer Smashers"]
[BlackTeam "GTP Open II"]
[WhiteTeamCountry "RSA"]
[BlackTeamCountry "RSA"]

1. e4 c5 2. Nc3 Nc6 3. f4 e6 4. Nf3 d5 5. exd5 exd5 6. Bb5 Nge7 7. Qe2 Qd6 8. Ne5 Be6 9. Bxc6+ bxc6 10. d3 Nf5 11. 0-0 Be7 12. Nd1 Nd4 13. Qf2 f6 14. Nf3 Nxf3+ 15. Qxf3 0-0 16. f5 Bf7 17. Bf4 Qd7 18. Qg4 Rfe8 19. Rf3 Kh8 20. Nf2 Qb7 21. b3 c4 22. Rh3 Bc5 23. Qh4 Bg8 24. Rf1 Re2 25. Bg3 Rxc2 26. dxc4 dxc4 27. Kh1 cxb3 28. axb3 Qb5 29. Re1 Re2 30. Rc1 Rae8 31. Rg1 Re1 0-1

[Event "RSA-chT Regions"]
[Site "Boksburg"]
[Date "2020.01.10"]
[Round "4.3"]
[White "Mazibuko, Khanya"]
[Black "Kolver, Chris"]
[Result "1/2-1/2"]
[WhiteElo "1952"]
[BlackElo "2099"]
[PlyCount "43"]
[EventDate "2020.01.09"]
[EventType "team-swiss"]
[EventRounds "7"]
[EventCountry "RSA"]
[SourceTitle "CBM 194 Extra"]
[Source "ChessBase"]
[SourceDate "2020.03.31"]
[SourceVersion "1"]
[SourceVersionDate "2020.03.31"]
[SourceQuality "1"]
[WhiteTeam "GTP Juniors"]
[BlackTeam "GTP Open II"]
[WhiteTeamCountry "RSA"]
[BlackTeamCountry "RSA"]

1. e4 c5 2. Nf3 Nc6 3. Bb5 Nf6 4. Nc3 g6 5. e5 Ng4 6. Bxc6 dxc6 7. d3 Bg7 8. Bf4 Nh6 9. h3 Nf5 10. Ne4 Nd4 11. c3 Nxf3+ 12. Qxf3 Qd5 13. Qe3 0-0 14. c4 Qd4 15. Nxc5 Qxb2 16. 0-0 b6 17. Rfb1 Qa3 18. Ne4 c5 19. Rb3 Qa4 20. Qf3 Bf5 21. Nc3 Qd7 22. Nd5 1/2-1/2

[Event "RSA-chT Regions"]
[Site "Boksburg"]
[Date "2020.01.09"]
[Round "1.3"]
[White "Kolver, Chris"]
[Black "Hansen, Marcques"]
[Result "1/2-1/2"]
[WhiteElo "2099"]
[BlackElo "1684"]
[PlyCount "191"]
[EventDate "2020.01.09"]
[EventType "team-swiss"]
[EventRounds "7"]
[EventCountry "RSA"]
[SourceTitle "CBM 194 Extra"]
[Source "ChessBase"]
[SourceDate "2020.03.31"]
[SourceVersion "1"]
[SourceVersionDate "2020.03.31"]
[SourceQuality "1"]
[WhiteTeam "GTP Open II"]
[BlackTeam "GTP Open VI"]
[WhiteTeamCountry "RSA"]
[BlackTeamCountry "RSA"]

1. d4 Nf6 2. c4 g6 3. Nc3 Bg7 4. e4 d6 5. Be2 b6 6. Nf3 Bb7 7. Qc2 Nbd7 8. h3 e5 9. d5 a5 10. Be3 0-0 11. Nd2 Nc5 12. b3 Qe7 13. a3 Nfd7 14. 0-0 f5 15. f3 f4 16. Bf2 Nf6 17. b4 axb4 18. axb4 Na6 19. Ra4 Nh5 20. Rfa1 Nxb4 21. Qb2 Rxa4 22. Rxa4 Na6 23. Qa3 Nc5 24. Ra7 Bc8 25. Nb5 Nb7 26. Ra8 Bf6 27. Nf1 Bh4 28. Bxh4 Qxh4 29. Nxc7 Qe1 30. Qd3 Ng3 31. Ra2 Nc5 32. Qd2 Qxd2 33. Rxd2 Nxf1 34. Kxf1 Ba6 35. Ra2 Bb7 36. Rb2 Nd7 37. Nb5 Rf6 38. Nc3 Rf8 39. Na4 Ra8 40. Rb4 Ra6 41. Ke1 Nc5 42. Nxc5 dxc5 43. Rb2 Bc8 44. Kd2 Kf7 45. Bd1 Bd7 46. Kc1 Ke7 47. Kb1 Kd6 48. Ra2 Rxa2 49. Kxa2 b5 50. Bb3 b4 51. Kb2 Ke7 52. Kc2 Kf6 53. Kd2 Kg5 54. Ke2 Kh4 55. Kf2 g5 56. Bc2 Kh5 57. Bb3 Kg6 58. Ke2 Kf6 59. Kf2 Ke7 60. Ke2 Be8 61. Ke1 h5 62. Ke2 Bg6 63. Ba4 g4 64. hxg4 hxg4 65. Bc2 Bh5 66. Kf2 gxf3 67. gxf3 Be8 68. Bb3 Bd7 69. Kg2 Kf6 70. Kh2 Kg5 71. Kg2 Kh4 72. Bc2 Be8 73. Bb3 Bd7 74. Bc2 Bh3+ 75. Kf2 Kg5 76. Bb3 Kf6 77. Ba4 Ke7 78. Ke1 Kd6 79. Ke2 Kc7 80. Ke1 Kb6 81. Bb3 Ka5 82. Ke2 Bd7 83. Kd2 Be8 84. Kd1 Bd7 85. Kd2 Bh3 86. Ke2 Kb6 87. Kf2 Ka6 88. Ke2 Ka5 89. Ke1 Bd7 90. Kd2 Be8 91. Kd1 Ka6 92. Kd2 Bh5 93. Ke2 Ka5 94. Kf2 Be8 95. Kg2 Bd7 96. Kh2 1/2-1/2

[Event "RSA-chT U20A"]
[Site "Boksburg"]
[Date "2018.12.20"]
[Round "7.2"]
[White "Kolver, Chris"]
[Black "Mbokazi, Banele"]
[Result "1-0"]
[WhiteElo "1981"]
[BlackElo "1588"]
[PlyCount "77"]
[EventDate "2018.12.16"]
[EventType "team-tourn"]
[EventRounds "7"]
[EventCountry "RSA"]
[SourceTitle "EXT 2020"]
[Source "ChessBase"]
[SourceDate "2019.10.17"]
[SourceVersion "1"]
[SourceVersionDate "2019.10.17"]
[SourceQuality "1"]
[WhiteTeam "Tshwane U20"]
[BlackTeam "Ethekwini U20"]
[WhiteTeamCountry "RSA"]
[BlackTeamCountry "RSA"]

1. d4 Nf6 2. c4 c5 3. d5 e5 4. Nc3 d6 5. e4 Be7 6. h3 Nbd7 7. Be3 Nf8 8. Be2 Ng6 9. g3 a6 10. Qd2 Rb8 11. a4 h5 12. f4 exf4 13. gxf4 Nd7 14. 0-0-0 Qa5 15. Nf3 b5 16. cxb5 axb5 17. Bxb5 0-0 18. Rdg1 Bf6 19. Qc2 Nb6 20. e5 dxe5 21. Bxc5 Rd8 22. Rxg6 fxg6 23. fxe5 Bf5 24. Qb3 Rdc8 25. Bb4 Qa7 26. exf6 gxf6 27. Nd4 Bd7 28. Nc6 Bxc6 29. dxc6+ Qf7 30. Qxf7+ Kxf7 31. Bd6 Ra8 32. Bc5 Rab8 33. Bxb6 Rxb6 34. Nd5 Rbb8 35. c7 Ra8 36. Bd7 Rxc7+ 37. Nxc7 Ra7 38. Be8+ Kf8 39. Bxg6 1-0

[Event "Kinross USSA op"]
[Site "Kinross"]
[Date "2018.07.03"]
[Round "4"]
[White "Teeke, Karabo"]
[Black "Kolver, Chris"]
[Result "1-0"]
[WhiteElo "1616"]
[BlackElo "2009"]
[PlyCount "82"]
[EventDate "2018.07.02"]
[EventType "swiss"]
[EventRounds "9"]
[EventCountry "RSA"]
[SourceTitle "CBM 185 Extra"]
[Source "ChessBase"]
[SourceDate "2018.07.29"]
[SourceVersion "1"]
[SourceVersionDate "2018.07.29"]
[SourceQuality "1"]

1. e4 c5 2. Nf3 Nc6 3. d4 cxd4 4. Nxd4 Nf6 5. Nc3 e5 6. Ndb5 d6 7. Bg5 a6 8. Na3 b5 9. Nd5 Be7 10. Bxf6 Bxf6 11. c4 b4 12. Nc2 0-0 13. g3 a5 14. h4 Rb8 15. b3 Be6 16. Bh3 Be7 17. Nce3 Kh8 18. Kf1 Qd7 19. Kg2 Bd8 20. Rc1 g6 21. Rc2 Kg7 22. Rd2 Qa7 23. Rd3 Rb7 24. f4 Bxh3+ 25. Rxh3 Kg8 26. f5 Nd4 27. h5 gxf5 28. Nxf5 Nxf5 29. exf5 f6 30. h6 Kh8 31. Rh4 Qb8 32. Rg4 Rff7 33. Qe2 a4 34. Rd1 axb3 35. axb3 Qc8 36. Qf3 Qa8 37. Rd2 Qa1 38. Rh4 Rb8 39. Ne3 Qc3 40. Nf1 Rd7 41. Rg4 Bc7 1-0

[Event "Wch U18"]
[Site "Khanty-Mansiysk"]
[Date "2016.10.03"]
[Round "11"]
[White "Kolver, Chris"]
[Black "Krykun, Yuriy"]
[Result "0-1"]
[WhiteElo "1991"]
[BlackElo "2242"]
[PlyCount "150"]
[EventDate "2016.09.22"]
[EventType "swiss"]
[EventRounds "11"]
[EventCountry "RUS"]
[SourceTitle "EXT 2017"]
[Source "ChessBase"]
[SourceDate "2016.10.25"]
[SourceVersion "1"]
[SourceVersionDate "2016.10.25"]
[SourceQuality "1"]

1. d4 Nf6 2. c4 c5 3. d5 b5 4. Qc2 bxc4 5. e4 e6 6. Bxc4 exd5 7. exd5 Be7 8. Nc3 0-0 9. Nge2 d6 10. 0-0 Nbd7 11. Ng3 Nb6 12. b3 Ng4 13. Be2 Bf6 14. Bb2 Bd4 15. Nce4 Bxb2 16. Qxb2 Nh6 17. Rad1 Nf5 18. Nxf5 Bxf5 19. Ng3 Bg6 20. f4 f5 21. Bf3 Qf6 22. Qxf6 Rxf6 23. Rfe1 Re8 24. Rxe8+ Bxe8 25. Re1 Bd7 26. Nf1 Rf8 27. Ne3 Rb8 28. Rc1 a5 29. a4 Kf7 30. Rc3 Ke7 31. Be2 g6 32. Kf2 Kf6 33. g3 Re8 34. Bf3 Bc8 35. Nc4 Nxc4 36. Rxc4 Bd7 37. Rc3 Rb8 38. Be2 Be8 39. Bc4 Bf7 40. Re3 h6 41. Ke2 g5 42. h3 gxf4 43. gxf4 h5 44. Kf2 h4 45. Re1 Rg8 46. Rg1 Re8 47. Rg5 Re4 48. Kf3 Rd4 49. Ke3 Bxd5 50. Bxd5 Rxd5 51. Rh5 Rd4 52. Rxh4 Rb4 53. Rh6+ Ke7 54. Rh7+ Ke6 55. h4 Rxb3+ 56. Kd2 Ra3 57. Rh6+ Kd5 58. Rf6 Rxa4 59. Rxf5+ Kd4 60. h5 Ra2+ 61. Kd1 Rh2 62. Rf6 d5 63. h6 a4 64. Ra6 a3 65. Rxa3 Rxh6 66. Ke2 Rh2+ 67. Ke1 Ke4 68. Ra5 c4 69. f5 Rh6 70. Kd2 Rf6 71. Kc3 Rxf5 72. Ra8 Rf3+ 73. Kb4 Kd4 74. Rh8 Rb3+ 75. Ka4 Rb1 0-1

[Event "Wch U18"]
[Site "Khanty-Mansiysk"]
[Date "2016.09.24"]
[Round "3"]
[White "Rajkovic, Mladen"]
[Black "Kolver, Chris"]
[Result "1-0"]
[WhiteElo "2275"]
[BlackElo "1991"]
[PlyCount "109"]
[EventDate "2016.09.22"]
[EventType "swiss"]
[EventRounds "11"]
[EventCountry "RUS"]
[SourceTitle "EXT 2017"]
[Source "ChessBase"]
[SourceDate "2016.10.25"]
[SourceVersion "1"]
[SourceVersionDate "2016.10.25"]
[SourceQuality "1"]

1. e4 c5 2. Nc3 Nc6 3. f4 g6 4. Nf3 Bg7 5. g4 d6 6. h3 h5 7. g5 e5 8. Bc4 Nge7 9. d3 0-0 10. f5 gxf5 11. Nh4 Na5 12. Bd5 Be6 13. Bxe6 fxe6 14. Qxh5 f4 15. Nd1 Qe8 16. g6 Rf6 17. Rg1 c4 18. Nf2 Kf8 19. Ng4 Rxg6 20. Nxg6+ Qxg6 21. Qxg6 Nxg6 22. Bd2 Nc6 23. dxc4 Nd4 24. Kd1 Rc8 25. b3 Kf7 26. Rf1 Nh4 27. Nh2 Bf6 28. c3 Nc6 29. Ke2 Ne7 30. Nf3 Nhg6 31. Be1 d5 32. Nd2 b5 33. Bf2 bxc4 34. bxc4 d4 35. Kd3 Nc6 36. Nf3 Na5 37. cxd4 exd4 38. Bxd4 Bxd4 39. Kxd4 Rxc4+ 40. Kd3 Ra4 41. Rfc1 Kf6 42. Rc7 Ra3+ 43. Rc3 Ra4 44. a3 Nb7 45. Re1 Ra5 46. h4 Nc5+ 47. Kc2 Nd7 48. Rh1 Rh5 49. Rc7 Nde5 50. Ng5 Ne7 51. Rxa7 N7c6 52. Nh7+ Kg6 53. Rg1+ Kh6 54. Rag7 Nd4+ 55. Kb1 1-0

[Event "Wch U18"]
[Site "Khanty-Mansiysk"]
[Date "2016.09.22"]
[Round "1"]
[White "Zakaryan, David"]
[Black "Kolver, Chris"]
[Result "1/2-1/2"]
[WhiteElo "2377"]
[BlackElo "1991"]
[PlyCount "83"]
[EventDate "2016.09.22"]
[EventType "swiss"]
[EventRounds "11"]
[EventCountry "RUS"]
[SourceTitle "EXT 2017"]
[Source "ChessBase"]
[SourceDate "2016.10.25"]
[SourceVersion "1"]
[SourceVersionDate "2016.10.25"]
[SourceQuality "1"]

1. d4 d5 2. Nf3 Nf6 3. Bf4 c5 4. e3 Qb6 5. Qc1 Nc6 6. c3 Bf5 7. Nbd2 e6 8. Nh4 Bg4 9. h3 Bh5 10. Bd3 Rc8 11. 0-0 Be7 12. Nhf3 Bg6 13. Bxg6 hxg6 14. Qb1 0-0 15. Re1 Rfd8 16. g4 a5 17. a4 Qa6 18. Kg2 b5 19. Qd3 c4 20. axb5 Qxb5 21. Qc2 Bd6 22. Bxd6 Rxd6 23. Reb1 Rdd8 24. b3 cxb3 25. Nxb3 Nb4 26. Qc1 Nd3 27. Qf1 Rxc3 28. Nc5 Qc4 29. Nd2 Nf4+ 30. exf4 Qxd4 31. Nb7 Rdc8 32. Qd1 Rd3 33. Ra4 Rc4 34. Nd6 Rxd2 35. Rb8+ Kh7 36. Qxd2 Qxd2 37. Nxf7 Ng8 38. Ng5+ Kh8 39. Nf7+ Kh7 40. Ng5+ Kh8 41. Rxc4 dxc4 42. Nf7+ 1/2-1/2

[Event "Johannesburg PSS op"]
[Site "Johannesburg"]
[Date "2016.04.24"]
[Round "8"]
[White "Parodi, Alessandro"]
[Black "Kolver, Chris"]
[Result "1-0"]
[WhiteElo "2043"]
[BlackElo "1991"]
[PlyCount "75"]
[EventDate "2016.04.23"]
[EventType "swiss"]
[EventRounds "10"]
[EventCountry "RSA"]
[SourceTitle "CBM 172 Extra"]
[Source "ChessBase"]
[SourceDate "2016.06.21"]
[SourceVersion "1"]
[SourceVersionDate "2016.06.21"]
[SourceQuality "1"]

1. d4 d5 2. c4 c6 3. Nc3 Nf6 4. Bg5 Ne4 5. Nxe4 dxe4 6. g3 h6 7. Be3 g6 8. Bg2 f5 9. h4 Bg7 10. Nh3 c5 11. d5 0-0 12. Qd2 Kh7 13. Rc1 Qb6 14. b3 Nd7 15. Nf4 Ne5 16. b4 Qxb4 17. Qxb4 cxb4 18. Bc5 Re8 19. Bxb4 b6 20. 0-0 Bd7 21. c5 bxc5 22. Rxc5 Bf6 23. Rc7 g5 24. hxg5 hxg5 25. Nh5 Bh8 26. g4 Bb5 27. Ng3 Nxg4 28. Nxf5 Bxe2 29. Bxe4 Nf6 30. Re1 Nxe4 31. Rxe2 Nf6 32. Nxe7 Kh6 33. Re3 g4 34. Re6 Kg5 35. Bd2+ Kh4 36. Ng6+ Kh5 37. Nf4+ Kh4 38. Rxf6 1-0

[Event "Johannesburg PSS op"]
[Site "Johannesburg"]
[Date "2016.04.23"]
[Round "7"]
[White "Mwale, Joseph"]
[Black "Kolver, Chris"]
[Result "1-0"]
[WhiteElo "2076"]
[BlackElo "1991"]
[PlyCount "88"]
[EventDate "2016.04.23"]
[EventType "swiss"]
[EventRounds "10"]
[EventCountry "RSA"]
[SourceTitle "CBM 172 Extra"]
[Source "ChessBase"]
[SourceDate "2016.06.21"]
[SourceVersion "1"]
[SourceVersionDate "2016.06.21"]
[SourceQuality "1"]

1. Nf3 c5 2. g3 Nc6 3. d4 cxd4 4. Nxd4 Nf6 5. Bg2 e6 6. 0-0 Be7 7. c4 0-0 8. Nc3 a6 9. a3 Bc5 10. Be3 Ba7 11. Nxc6 dxc6 12. Qxd8 Rxd8 13. Bxa7 Rxa7 14. Rfd1 Re8 15. Ne4 Ra8 16. Nxf6+ gxf6 17. Rd6 Kg7 18. b4 e5 19. a4 Be6 20. c5 Kf8 21. Rb1 Rac8 22. h4 Ke7 23. Rbd1 Red8 24. a5 Rxd6 25. Rxd6 Rd8 26. Rxd8 Kxd8 27. f4 Ke7 28. Kf2 exf4 29. gxf4 f5 30. Ke3 Bc4 31. Bf3 Ke6 32. Kd4 Bb3 33. b5 Ba4 34. b6 Bb5 35. e3 f6 36. e4 fxe4 37. Kxe4 f5+ 38. Kd4 Kf6 39. Bh5 Ba4 40. Be2 Bb5 41. Bh5 Bf1 42. Be8 Ke7 43. Bxc6 Bb5 44. Bf3 Bc4 1-0

[Event "RSA-ch U18"]
[Site "Bloemfontein"]
[Date "2016.03.22"]
[Round "5"]
[White "Tshabalala, Ernest"]
[Black "Kolver, Chris"]
[Result "1/2-1/2"]
[WhiteElo "1842"]
[BlackElo "1962"]
[PlyCount "56"]
[EventDate "2016.03.20"]
[EventType "swiss"]
[EventRounds "11"]
[EventCountry "RSA"]
[SourceTitle "CBM 171 Extra"]
[Source "ChessBase"]
[SourceDate "2016.04.26"]
[SourceVersion "1"]
[SourceVersionDate "2016.04.26"]
[SourceQuality "1"]

1. e4 c5 2. Nf3 Nc6 3. d4 cxd4 4. Nxd4 Nf6 5. Nc3 e5 6. Ndb5 d6 7. Nd5 Nxd5 8. exd5 Nb8 9. c4 a6 10. Nc3 Be7 11. Be2 0-0 12. 0-0 f5 13. b4 Kh8 14. a3 Nd7 15. Qc2 b6 16. Rd1 Bb7 17. Be3 Rc8 18. f3 Bg5 19. Bf2 Qc7 20. a4 Bd8 21. Ra3 Qb8 22. Qb2 Qc7 23. Rda1 Bf6 24. Qc2 g6 25. Rd1 Rce8 26. Qd3 Kg7 27. Rb1 Rc8 28. Kf1 Bd8 1/2-1/2

[Event "RSA-ch U18"]
[Site "Bloemfontein"]
[Date "2016.03.20"]
[Round "1"]
[White "Goldberg, Shmuel"]
[Black "Kolver, Chris"]
[Result "0-1"]
[WhiteElo "1602"]
[BlackElo "1962"]
[PlyCount "56"]
[EventDate "2016.03.20"]
[EventType "swiss"]
[EventRounds "11"]
[EventCountry "RSA"]
[SourceTitle "CBM 171 Extra"]
[Source "ChessBase"]
[SourceDate "2016.04.26"]
[SourceVersion "1"]
[SourceVersionDate "2016.04.26"]
[SourceQuality "1"]

1. d4 d5 2. c4 c6 3. Nf3 Nf6 4. Nc3 a6 5. Bf4 dxc4 6. a4 Nd5 7. Bd2 Nxc3 8. Bxc3 b5 9. e3 Bb7 10. b3 cxb3 11. Qxb3 e6 12. Be2 Be7 13. 0-0 0-0 14. Rfd1 Nd7 15. Rac1 Nb6 16. a5 Nd5 17. Be1 Bd6 18. e4 Nf4 19. Bf1 Qc7 20. g3 Ng6 21. e5 Be7 22. h4 Rfd8 23. h5 Nf8 24. Bb4 c5 25. Bxc5 Bxc5 26. dxc5 Rxd1 27. Qxd1 Rd8 28. Qb3 Qxc5 0-1

[Event "RSA-chT U18"]
[Site "Cape Town"]
[Date "2016.01.04"]
[Round "2.1"]
[White "Kolver, Chris"]
[Black "Balmakhun, Yashkar"]
[Result "1-0"]
[WhiteElo "1958"]
[BlackElo "1638"]
[PlyCount "61"]
[EventDate "2016.01.04"]
[EventType "team-tourn"]
[EventRounds "7"]
[EventCountry "RSA"]
[SourceTitle "CBM 170 Extra"]
[Source "ChessBase"]
[SourceDate "2016.02.25"]
[SourceVersion "1"]
[SourceVersionDate "2016.02.25"]
[SourceQuality "1"]
[WhiteTeam "Tshwane"]
[BlackTeam "Ethekwini"]
[WhiteTeamCountry "RSA"]
[BlackTeamCountry "RSA"]

1. d4 b6 2. c4 e6 3. Nc3 Bb7 4. e4 Bb4 5. f3 d5 6. cxd5 exd5 7. Qa4+ Nc6 8. Bb5 Bxc3+ 9. bxc3 Nge7 10. Ne2 0-0 11. 0-0 a6 12. Bd3 Ng6 13. Qc2 Nce7 14. Ba3 Re8 15. e5 Bc8 16. f4 Nf8 17. f5 Nd7 18. Nf4 Nf8 19. Nh5 Bd7 20. Nxg7 Kxg7 21. f6+ Kh8 22. fxe7 Rxe7 23. Bxe7 Qxe7 24. Qf2 Be6 25. Qf6+ Qxf6 26. Rxf6 Ng6 27. Raf1 Kg7 28. Bf5 Bxf5 29. R1xf5 Rf8 30. Rf3 a5 31. g3 1-0

[Event "RSA-chT U18"]
[Site "Cape Town"]
[Date "2016.01.04"]
[Round "1.1"]
[White "Smith, David"]
[Black "Kolver, Chris"]
[Result "0-1"]
[WhiteElo "1507"]
[BlackElo "1958"]
[PlyCount "71"]
[EventDate "2016.01.04"]
[EventType "team-tourn"]
[EventRounds "7"]
[EventCountry "RSA"]
[SourceTitle "CBM 170 Extra"]
[Source "ChessBase"]
[SourceDate "2016.02.25"]
[SourceVersion "1"]
[SourceVersionDate "2016.02.25"]
[SourceQuality "1"]
[WhiteTeam "Sedibeng"]
[BlackTeam "Tshwane"]
[WhiteTeamCountry "RSA"]
[BlackTeamCountry "RSA"]

1. e4 c5 2. Nf3 Nc6 3. Bb5 Nf6 4. e5 Nd5 5. Nc3 Nc7 6. Bxc6 dxc6 7. d3 Bg4 8. 0-0 e6 9. h3 Bh5 10. Ne4 h6 11. Be3 b6 12. d4 cxd4 13. Qxd4 Bxf3 14. Qxd8+ Rxd8 15. gxf3 Be7 16. c4 c5 17. Rad1 0-0 18. Kh2 Na6 19. a3 Nb8 20. Rg1 Kh7 21. f4 Nc6 22. Kh1 Na5 23. Rc1 Rd3 24. Rc2 Rfd8 25. Kg2 Nb3 26. Re1 f5 27. Nc3 g5 28. Ne2 R8d7 29. Nc1 Nd4 30. Nxd3 Nxc2 31. Rd1 Rxd3 32. Rxd3 Ne1+ 33. Kg3 Nxd3 34. fxg5 hxg5 35. f4 gxf4+ 36. Bxf4 0-1

[Event "RSA-ch U16"]
[Site "Waterkloof"]
[Date "2015.04.08"]
[Round "8"]
[White "Roos, Lucas"]
[Black "Kolver, Chris"]
[Result "1/2-1/2"]
[WhiteElo "1682"]
[BlackElo "1931"]
[PlyCount "73"]
[EventDate "2015.04.04"]
[EventType "swiss"]
[EventRounds "9"]
[EventCountry "RSA"]
[SourceTitle "CBM 166 Extra"]
[Source "ChessBase"]
[SourceDate "2015.06.18"]
[SourceVersion "1"]
[SourceVersionDate "2015.06.18"]
[SourceQuality "1"]

1. e4 c5 2. Nc3 Nc6 3. g3 g6 4. Bg2 Bg7 5. d3 d6 6. Be3 e5 7. Qd2 Be6 8. Nge2 Nge7 9. 0-0 Nd4 10. Nc1 0-0 11. Nd1 Qd7 12. c3 Ndc6 13. Bh6 d5 14. Bxg7 Kxg7 15. Nb3 b6 16. Ne3 d4 17. Nc2 Rad8 18. Rfd1 Qc7 19. f4 f6 20. cxd4 Bxb3 21. axb3 Nxd4 22. Ra6 Nxc2 23. Qxc2 Nc6 24. Rda1 Qd7 25. Qc4 Na5 26. Qd5 Nc6 27. fxe5 fxe5 28. Bh3 Qd6 29. Be6 Rf6 30. Rxa7+ Nxa7 31. Rxa7+ Kh6 32. Qb7 Qd4+ 33. Kh1 Rf1+ 34. Kg2 Rf2+ 35. Kh3 Rf1 36. Qg7+ Kg5 37. Qh8 1/2-1/2

[Event "World ol U16"]
[Site "Gyor"]
[Date "2014.12.18"]
[Round "7.1"]
[White "Kolver, Chris"]
[Black "Taalaibekov, Tagir"]
[Result "1/2-1/2"]
[WhiteElo "1806"]
[BlackElo "2047"]
[PlyCount "194"]
[EventDate "2014.12.13"]
[EventType "team-swiss"]
[EventRounds "10"]
[EventCountry "HUN"]
[SourceTitle "EXT 2016"]
[Source "ChessBase"]
[SourceDate "2015.10.08"]
[SourceVersion "1"]
[SourceVersionDate "2015.10.08"]
[SourceQuality "1"]
[WhiteTeam "South Africa II"]
[BlackTeam "Kyrgyzstan"]
[WhiteTeamCountry "RSA"]
[BlackTeamCountry "KGZ"]

1. d4 Nf6 2. c4 e6 3. Nc3 Bb4 4. f3 d5 5. a3 Bxc3+ 6. bxc3 0-0 7. cxd5 exd5 8. e3 c5 9. Bd3 b6 10. Ne2 Ba6 11. 0-0 Re8 12. Ng3 Bxd3 13. Qxd3 Nc6 14. Bb2 c4 15. Qd2 Na5 16. Rae1 Nb3 17. Qc2 Qd6 18. Bc1 Qc6 19. Bb2 h5 20. Qf5 h4 21. Nh5 Nxh5 22. Qxh5 Re6 23. Qxh4 Rae8 24. Qf2 R8e7 25. Re2 b5 26. Rfe1 Qe8 27. Kf1 a5 28. Qh4 Rxe3 29. Rxe3 Rxe3 30. Rxe3 Qxe3 31. Qd8+ Kh7 32. Qh4+ Kg6 33. Qg3+ Kh7 34. Qh4+ Qh6 35. Qxh6+ Kxh6 36. Ke2 f5 37. Kd1 Kg6 38. Bc1 b4 39. axb4 axb4 40. Bb2 bxc3 41. Bxc3 f4 42. Kc2 Kf5 43. Kd1 g5 44. h3 Ke6 45. Kc2 Kd6 46. Bb2 Na5 47. Kc3 Nc6 48. Bc1 Ke6 49. h4 gxh4 50. Bxf4 Ne7 51. Bg5 Ng6 52. Bd8 Nf4 53. Bxh4 Nxg2 54. Bg3 Kf5 55. Kd2 Kg5 56. Ke2 Nf4+ 57. Ke3 Ne6 58. Be5 Kf5 59. Bd6 Nd8 60. Bb4 Nf7 61. Bc5 Ke6 62. Bb4 Nh6 63. Bc3 Nf5+ 64. Kf4 Nd6 65. Ke3 Nb5 66. Bb4 Kf5 67. Be1 Na3 68. Bf2 Nb5 69. Be1 Kg5 70. Bb4 Nc7 71. Bd6 Ne6 72. Be5 Nd8 73. Bg3 Nf7 74. Bc7 Nh6 75. Bf4+ Kg6 76. Be5 Nf5+ 77. Kd2 Kg5 78. Ke2 Kh4 79. Ke1 Kh3 80. Kf2 Ne7 81. Bd6 Nc6 82. Bc5 Na5 83. Ke3 Nb7 84. Be7 Kg3 85. Bf6 Na5 86. Be5+ Kh4 87. Bd6 Nb3 88. Ba3 Na1 89. Bc5 Kg5 90. Bb6 Kf5 91. Bc5 c3 92. Kd3 c2 93. Ba3 Kf4 94. Bb2 Kxf3 95. Kd2 c1Q+ 96. Kxc1 Nb3+ 97. Kc2 Nxd4+ 1/2-1/2

[Event "Wch U16"]
[Site "Durban"]
[Date "2014.09.26"]
[Round "8"]
[White "Taylor, Adam C"]
[Black "Kolver, Chris"]
[Result "1/2-1/2"]
[WhiteElo "2023"]
[BlackElo "1751"]
[PlyCount "95"]
[EventDate "2014.09.20"]
[EventType "swiss"]
[EventRounds "11"]
[EventCountry "RSA"]
[SourceTitle "CBM 162 Extra"]
[Source "ChessBase"]
[SourceDate "2014.10.17"]
[SourceVersion "1"]
[SourceVersionDate "2014.10.17"]
[SourceQuality "1"]

1. d4 d5 2. Nf3 Nf6 3. c4 c6 4. Qc2 a6 5. Bf4 dxc4 6. Qxc4 Bf5 7. Nbd2 e6 8. Qb3 b6 9. e3 Be7 10. Rc1 c5 11. Nh4 Bg6 12. Nxg6 hxg6 13. Be2 Nbd7 14. Bf3 Ra7 15. Nc4 0-0 16. a4 Nh5 17. Be5 Nhf6 18. 0-0 Nd5 19. Bg3 cxd4 20. exd4 Bg5 21. Rcd1 Bf4 22. Bxf4 Nxf4 23. Ne5 Rc7 24. g3 Nh5 25. Nxd7 Rxd7 26. d5 exd5 27. Bxd5 Nf6 28. Bc4 a5 29. Rxd7 Nxd7 30. Rd1 Qc7 31. Bb5 Nc5 32. Qd5 Ne6 33. Qe4 Rd8 34. Re1 Qc5 35. Qe3 Qxe3 36. Rxe3 Kf8 37. Bc4 Nc5 38. b3 Re8 39. Rf3 f6 40. Rf4 Re4 41. Rf3 Nxa4 42. Rd3 Nb2 43. Rd6 Nxc4 44. bxc4 Rxc4 45. Rxb6 Ra4 46. Rb7 Ra1+ 47. Kg2 a4 48. h4 1/2-1/2